[Event "Eliteserien 2009-2010"]
[Site "Haraldsheim"]
[Date "2009.11.06"]
[Round "1"]
[White "Lundeby, Øyvind Andersen"]
[Black "Thorstensen, Trond"]
[Result "0-1"]
[WhiteElo "2154"]
[BlackElo "2209"]
[PlyCount "54"]
[EventDate "2009.??.??"]

1. d4 Nf6 2. Nf3 d5 3. c4 e6 4. g3 Be7 5. Bg2 O-O 6. O-O Nbd7 7. Qc2 c5 8. Rd1
Qb6 9. cxd5 Nxd5 10. Nc3 Nb4 11. Qb1 cxd4 12. Nxd4 e5 13. Nf5 Bc5 14. a3 Nc6
15. Nd5 Qb3 16. Be3 Bxe3 17. Ndxe3 Nf6 18. Bxc6 bxc6 19. Ne7+ Kh8 20. Nxc6 Qb5
21. Qc2 Bb7 22. Ne7 Be4 23. Qd2 a5 24. b4 g6 25. Qd6 Kg7 26. f3 Qxe2 27. N3d5
Ng4 
0-1

[Event "Eliteserien 2009-2010"]
[Site "Haraldsheim"]
[Date "2009.11.06"]
[Round "1"]
[White "Skrondal, Inge Sandstad"]
[Black "Kvisvik, Brede Alex."]
[Result "1/2-1/2"]
[WhiteElo "2247"]
[BlackElo "2047"]
[PlyCount "112"]
[EventDate "2009.??.??"]

1. Nf3 c5 2. c4 Nc6 3. Nc3 g6 4. g3 e5 5. Bg2 d6 6. d3 Nge7 7. Nd2 Be6 8. Nf1
d5 9. cxd5 Nxd5 10. Ne3 Nc7 11. Bd2 Be7 12. Nc4 Qd7 13. Qa4 f6 14. Rc1 Rb8 15.
Na5 Nd8 16. Qxd7+ Bxd7 17. Nd5 Nxd5 18. Bxd5 b6 19. Nc4 Be6 20. Ne3 Kd7 21. Bc3
Kd6 22. Bxe6 Kxe6 23. Nc4 Nc6 24. e4 Rhd8 25. Ke2 b5 26. Na5 Nxa5 27. Bxa5 Rd4
28. Bc3 Ra4 29. a3 b4 30. axb4 cxb4 31. Bd2 Ra2 32. b3 Rb6 33. d4 exd4 34. Kd3
Rba6 35. Rb1 Rc6 36. Ra1 Rcc2 37. Rxa2 Rxa2 38. Rd1 Bc5 39. Kc4 Kd6 40. Bxb4
Rc2+ 41. Kd3 Rxf2 42. Bxc5+ Kxc5 43. Rc1+ Kb4 44. Rc7 a5 45. Rb7+ Kc5 46. Rc7+
Kb4 47. Rb7+ Ka3 48. Rb5 Rxh2 49. Rxa5+ Kxb3 50. Rb5+ Ka4 51. Rb7 Rh3 52. Kc4
Ka5 53. Kxd4 Rxg3 54. Rxh7 g5 55. Rh6 Rf3 56. Rg6 Kb4 
1/2-1/2

[Event "Eliteserien 2009-2010"]
[Site "Haraldsheim"]
[Date "2009.11.06"]
[Round "1"]
[White "Glenne, Bjørn Erik"]
[Black "Briseid, Håkon"]
[Result "1/2-1/2"]
[WhiteElo "2161"]
[BlackElo "1992"]
[PlyCount "46"]
[EventDate "2009.??.??"]

1. d4 Nf6 2. c4 c5 3. d5 b5 4. cxb5 a6 5. bxa6 Bxa6 6. Nc3 d6 7. Nf3 g6 8. g3
Bg7 9. Bg2 O-O 10. O-O Nbd7 11. Rb1 Qa5 12. Qc2 Rfb8 13. Rd1 Ng4 14. Bd2 Nge5
15. Nxe5 Nxe5 16. b3 c4 17. Ne4 cxb3 18. Rxb3 Qd8 19. Rxb8 Rxb8 20. Bf1 Rc8 21.
Qb1 Rb8 22. Qc2 Rc8 23. Qb1 Rb8 
1/2-1/2

[Event "Eliteserien 2009-2010"]
[Site "Haraldsheim"]
[Date "2009.11.06"]
[Round "1"]
[White "Tari, Aryan"]
[Black "Elseth, Roar"]
[Result "0-1"]
[WhiteElo "1975"]
[BlackElo "2241"]
[PlyCount "100"]
[EventDate "2009.??.??"]

1. e4 e5 2. Nf3 Nc6 3. Bb5 a6 4. Ba4 Nf6 5. O-O Be7 6. Re1 b5 7. Bb3 d6 8. c3
O-O 9. d4 Bg4 10. Be3 exd4 11. cxd4 Na5 12. Bc2 c5 13. d5 Nc4 14. Bc1 Nd7 15.
Qd3 Bh5 16. Nbd2 Nxd2 17. Nxd2 Ne5 18. Qf1 Qb6 19. Kh1 f6 20. f4 Nd7 21. Nf3
Rae8 22. Qf2 Qb7 23. Be3 f5 24. exf5 Qxd5 25. Ng5 Bxg5 26. fxg5 Bg4 27. Rf1 Re5
28. f6 gxf6 29. gxf6 Qe6 30. Qh4 Nxf6 31. Bg5 Bf5 32. Bxf5 Rxf5 33. Rae1 Ne4
34. Rxf5 Qxf5 35. Be3 d5 36. h3 Qg6 37. Bh6 Re8 38. Kh2 d4 39. Rf1 d3 40. Qe7
Qd6+ 41. Qxd6 Nxd6 42. Rf3 c4 43. Rg3+ Kf7 44. Rg7+ Kf6 45. Rxh7 Re2 46. Ra7 d2
47. Bxd2 Rxd2 48. Rxa6 Ke5 49. h4 Rxb2 50. h5 Rf2 
0-1

[Event "Eliteserien 2009-2010"]
[Site "Haraldsheim"]
[Date "2009.11.06"]
[Round "1"]
[White "Stubberud, Ørnulf"]
[Black "Mihajlov, Svetoslav"]
[Result "1-0"]
[WhiteElo "2290"]
[BlackElo "2075"]
[PlyCount "111"]
[EventDate "2009.??.??"]

1. e4 e5 2. Nf3 Nc6 3. Bb5 a6 4. Ba4 Nf6 5. O-O Be7 6. Re1 b5 7. Bb3 d6 8. c3
O-O 9. h3 Bb7 10. d4 Re8 11. Nbd2 Bf8 12. d5 Nb8 13. Nf1 c6 14. Bg5 Nbd7 15.
Ne3 c5 16. Nf5 c4 17. Bc2 h6 18. Be3 Nc5 19. Nd2 Kh7 20. g4 g6 21. Ng3 Ng8 22.
Kg2 Be7 23. Nf3 Rc8 24. Qd2 f6 25. Nh2 Rc7 26. f4 exf4 27. Bxf4 Nd7 28. Nf3 Ne5
29. Nd4 Bc8 30. a4 Bd7 31. Rf1 Bf8 32. Be3 Qc8 33. Rh1 b4 34. cxb4 c3 35. bxc3
Nc4 36. Qf2 Nxe3+ 37. Qxe3 Rxc3 38. Qd2 Rc4 39. Bb3 Rc7 40. Rac1 h5 41. Rxc7
Qxc7 42. gxh5 gxh5 43. Nxh5 Bh6 44. Qd3 Re5 45. Ng3 Qb6 46. Nf3 Qxb4 47. Nxe5
fxe5 48. Rf1 Kg6 49. Qf3 Bf4 50. Ne2 Nh6 51. Nxf4+ exf4 52. Qxf4 Qxb3 53. Qxd6+
Kh5 54. Qe5+ Kh4 55. Rf4+ Bg4 56. Qf6+ 
1-0

[Event "Eliteserien 2009-2010"]
[Site "Haraldsheim"]
[Date "2009.11.06"]
[Round "1"]
[White "Gunnesdal, Lars"]
[Black "Persson, Mats"]
[Result "1/2-1/2"]
[WhiteElo "2024"]
[BlackElo "2198"]
[PlyCount "56"]
[EventDate "2009.??.??"]

1. e4 d6 2. d4 e5 3. Nf3 exd4 4. Bc4 Nc6 5. c3 Nf6 6. O-O Be7 7. Re1 dxc3 8.
Nxc3 O-O 9. Nd4 Nxd4 10. Qxd4 Nd7 11. f4 Bf6 12. Qf2 Nb6 13. Bd3 Re8 14. Be3
Bd7 15. Rad1 Bxc3 16. bxc3 Qe7 17. e5 dxe5 18. Bd4 Ba4 19. Rxe5 Qd6 20. Qh4 h6
21. Qg4 f6 22. Rxe8+ Rxe8 23. Qg6 Kf8 24. Rf1 c5 25. Be5 Rxe5 26. fxe5 Qxe5 27.
Qh7 Be8 28. c4 Nd7 
1/2-1/2

[Event "Eliteserien 2009-2010"]
[Site "Haraldsheim"]
[Date "2009.11.06"]
[Round "1"]
[White "Berg, Emanuel"]
[Black "Ekeberg, Carl Fr."]
[Result "1-0"]
[WhiteElo "2476"]
[BlackElo "2267"]
[PlyCount "75"]
[EventDate "2009.??.??"]

1. e4 c5 2. Nf3 Nc6 3. d4 cxd4 4. Nxd4 Nf6 5. Nc3 e5 6. Ndb5 d6 7. Bg5 a6 8.
Na3 b5 9. Bxf6 gxf6 10. Nd5 Bg7 11. c3 f5 12. Bd3 Be6 13. Nxb5 axb5 14. Bxb5
Bd7 15. exf5 O-O 16. O-O e4 17. a4 Re8 18. Qg4 Kh8 19. Rad1 Rb8 20. Rfe1 Ne7
21. Qxe4 Nxd5 22. Qxd5 Bxb5 23. axb5 Kg8 24. Rxe8+ Qxe8 25. c4 Bxb2 26. Qxd6
Be5 27. Qd5 Qe7 28. g3 Bc7 29. Qf3 Bb6 30. f6 Qf8 31. Rd5 Kh8 32. Rg5 Bd4 33.
Rh5 Qg8 34. Qf4 Rd8 35. c5 Qg6 36. Rf5 Rc8 37. b6 Rxc5 38. b7 
1-0

[Event "Eliteserien 2009-2010"]
[Site "Haraldsheim"]
[Date "2009.11.06"]
[Round "1"]
[White "Grotnes, Nils Ragnar"]
[Black "Johannessen, Leif E"]
[Result "0-1"]
[WhiteElo "2158"]
[BlackElo "2514"]
[PlyCount "84"]
[EventDate "2009.??.??"]

1. d4 Nf6 2. c4 e6 3. Nc3 Bb4 4. e3 O-O 5. Bd3 c5 6. Nf3 d5 7. O-O Nc6 8. a3
Bxc3 9. bxc3 dxc4 10. Bxc4 Qc7 11. Bb5 b6 12. Bb2 Bb7 13. Qe2 Ne4 14. c4 Na5
15. Rac1 Rac8 16. Ne5 Rfd8 17. f3 Nd6 18. dxc5 bxc5 19. Bc3 f6 20. Qe1 Nb3 21.
Rb1 Nxb5 22. cxb5 c4 23. Ng4 Rd3 24. Nf2 Rd5 25. a4 Rcd8 26. Rxb3 cxb3 27. Ba5
Qc4 28. Bxd8 Rxd8 29. Qa5 Rd7 30. Rd1 Rxd1+ 31. Nxd1 Qd3 32. Qe1 Qc2 33. a5 b2
34. Nxb2 Qxb2 35. a6 Bd5 36. Qa5 h6 37. h3 Bc4 38. Qd8+ Kh7 39. b6 Qxb6 40.
Qxb6 axb6 41. a7 Bd5 42. e4 Bc6 
0-1

[Event "Eliteserien 2009-2010"]
[Site "Haraldsheim"]
[Date "2009.11.06"]
[Round "1"]
[White "Getz, Nicolai"]
[Black "Diesen, Bruce"]
[Result "1-0"]
[WhiteElo "2265"]
[BlackElo "2094"]
[PlyCount "115"]
[EventDate "2009.??.??"]

1. e4 c5 2. Nf3 d6 3. d4 cxd4 4. Nxd4 Nf6 5. Nc3 a6 6. Be3 e5 7. Nb3 Be6 8. f4
exf4 9. Bxf4 Nc6 10. Qe2 Be7 11. h3 Nd7 12. O-O-O Qc7 13. Kb1 O-O 14. Qd2 Nce5
15. Nd4 g6 16. Bg5 Bxg5 17. Qxg5 Nb6 18. Qf6 Rae8 19. g4 Qc5 20. Be2 Nbc4 21.
Bxc4 Nxc4 22. b3 Qa3 23. Na4 b5 24. Nxe6 Rxe6 25. Qd4 Rfe8 26. Rhe1 Ne5 27. Qb2
Qxb2+ 28. Nxb2 Nf3 29. Re3 Ng5 30. c4 b4 31. Kc2 Nxe4 32. Nd3 Nc3 33. Rxe6 Rxe6
34. Rd2 a5 35. Nf4 Rf6 36. Nd5 Rf3 37. Nxc3 Rxc3+ 38. Kb2 Rxh3 39. Rxd6 Rh2+
40. Kb1 Kf8 41. Rd5 h5 42. c5 hxg4 43. c6 Ke7 44. Rd7+ Ke6 45. Rd8 Rh5 46. c7
Rc5 47. c8=Q+ Rxc8 48. Rxc8 g3 49. Rc1 f5 50. Kc2 f4 51. Kd3 Kf5 52. Ke2 Kg4
53. Rc5 f3+ 54. Kf1 Kh3 55. Rg5 Kh2 56. Rxg6 g2+ 57. Kf2 g1=R 58. Rh6# 
1-0

[Event "Eliteserien 2009-2010"]
[Site "Haraldsheim"]
[Date "2009.11.06"]
[Round "1"]
[White "Stokke, Kjetil"]
[Black "Gabrielsen, Stig"]
[Result "1-0"]
[WhiteElo "2369"]
[BlackElo "2302"]
[PlyCount "83"]
[EventDate "2009.??.??"]

1. c4 e5 2. g3 Nc6 3. Bg2 Bc5 4. Nc3 d6 5. e3 Nge7 6. Nge2 a6 7. d4 Ba7 8. h3
O-O 9. O-O Rb8 10. a4 a5 11. Kh2 Nb4 12. b3 exd4 13. Nxd4 c6 14. Ba3 Qb6 15.
Na2 Rd8 16. Qd2 Na6 17. Qc2 Ng6 18. Rfd1 Qc7 19. Nf5 Bxf5 20. Qxf5 Bc5 21. Bb2
Qe7 22. Nc3 Qe5 23. Qb1 Qh5 24. Ne4 Ne5 25. Qc2 Bb4 26. Kg1 f5 27. Nxd6 Bxd6
28. Rxd6 Rxd6 29. Bxe5 Nb4 30. Qb1 Rbd8 31. Bxd6 Rxd6 32. e4 Rd2 33. Qe1 Rd8
34. exf5 Qxf5 35. Rd1 Rxd1 36. Qxd1 Kf7 37. Bf1 Ke7 38. Qd4 Kf7 39. Qb6 Qd7 40.
Qxa5 Nc2 41. Qh5+ Kg8 42. Bd3 
1-0

[Event "Eliteserien 2009-2010"]
[Site "Haraldsheim"]
[Date "2009.11.06"]
[Round "1"]
[White "Gabrielsen, Trond"]
[Black "Houska, Jovanka"]
[Result "0-1"]
[WhiteElo "2230"]
[BlackElo "2402"]
[PlyCount "60"]
[EventDate "2009.??.??"]

1. e4 c6 2. c4 d5 3. exd5 cxd5 4. cxd5 Nf6 5. Nc3 Nxd5 6. Nf3 e6 7. d4 Be7 8.
Bd3 O-O 9. O-O Nc6 10. Re1 Nf6 11. a3 b6 12. Bg5 Bb7 13. Rc1 g6 14. Bc4 Rc8 15.
Ba2 Re8 16. Qd2 Na5 17. Ne5 Nd5 18. Bxe7 Rxe7 19. Nxd5 Bxd5 20. Rxc8 Qxc8 21.
Nxg6 hxg6 22. Bxd5 Rd7 23. Bf3 Nb3 24. Qe3 Nxd4 25. Be4 Nc2 26. Rc1 Rd1+ 27.
Rxd1 Nxe3 28. fxe3 Qc4 29. Bd3 Qc5 30. Kf2 Qe5 
0-1

[Event "Eliteserien 2009-2010"]
[Site "Haraldsheim"]
[Date "2009.11.06"]
[Round "1"]
[White "Gullaksen, Eirik"]
[Black "Johansen, Terje"]
[Result "1-0"]
[WhiteElo "2386"]
[BlackElo "2177"]
[PlyCount "37"]
[EventDate "2009.??.??"]

1. e4 c6 2. d4 d5 3. Nc3 dxe4 4. Nxe4 Nd7 5. Ng5 Ngf6 6. Bd3 e6 7. N1f3 h6 8.
Nxe6 Qe7 9. O-O fxe6 10. Bg6+ Kd8 11. c4 b6 12. Bf4 Bb7 13. Re1 Ne8 14. Bg3 Kc8
15. d5 Nc7 16. d6 Qf6 17. dxc7 Bb4 18. Re2 e5 19. Qd3 
1-0

[Event "Eliteserien 2009-2010"]
[Site "Haraldsheim"]
[Date "2009.11.06"]
[Round "1"]
[White "Kirkebø, Carl Peter"]
[Black "Borchgrevink, Harald B"]
[Result "1/2-1/2"]
[WhiteElo "2080"]
[BlackElo "2241"]
[PlyCount "44"]
[EventDate "2009.??.??"]

1. e4 c5 2. Nc3 Nc6 3. Bb5 g6 4. Bxc6 bxc6 5. d3 Bg7 6. f4 d6 7. Nf3 e6 8. O-O
Ne7 9. Qe1 O-O 10. b3 f5 11. e5 Nd5 12. Bd2 Nxc3 13. Bxc3 d5 14. Qf2 Qb6 15.
Bb2 Re8 16. h4 h5 17. Qg3 Kh7 18. Ng5+ Kg8 19. Nf3 Kh7 20. Ng5+ Kg8 21. Nf3 Kh7
22. Ng5+ Kg8 
1/2-1/2

[Event "Eliteserien 2009-2010"]
[Site "Haraldsheim"]
[Date "2009.11.06"]
[Round "1"]
[White "Demac, Elias"]
[Black "Trinh, Anh-Dan Doan"]
[Result "1-0"]
[WhiteElo "2221"]
[BlackElo "1855"]
[PlyCount "147"]
[EventDate "2009.??.??"]

1. d4 Nf6 2. Bg5 d5 3. Bxf6 exf6 4. e3 c6 5. c4 dxc4 6. Bxc4 Bd6 7. Nf3 O-O 8.
Nc3 Qa5 9. O-O Nd7 10. Bd3 Rd8 11. a3 Nf8 12. Ne4 Be7 13. b4 Qb6 14. Nfd2 f5
15. Nc5 Qc7 16. Qc2 f4 17. Nf3 a5 18. Ne5 Ng6 19. Bxg6 hxg6 20. Qb3 Bf6 21.
Rad1 b6 22. Ncd3 fxe3 23. fxe3 Be6 24. Qc3 axb4 25. axb4 Ra2 26. Ra1 Rda8 27.
Rxa2 Rxa2 28. e4 Qd6 29. Nxc6 Bh3 30. Rf2 Rxf2 31. Nxf2 Bd7 32. Ne5 Bxe5 33.
dxe5 Qc6 34. Qxc6 Bxc6 35. Kf1 Kf8 36. Ke2 Ke7 37. Ke3 Ke6 38. Kd4 Ba4 39. Ng4
Kd7 40. Ne3 Bb3 41. h4 Kc6 42. Nd5 Kb5 43. Kc3 Ba2 44. Nc7+ Kc6 45. Ne8 Bb1 46.
Nd6 Ba2 47. Kd4 Bb3 48. Kc3 Ba2 49. Kb2 Be6 50. Ne8 Kd7 51. Nxg7 Bg4 52. Kc3
Ke7 53. h5 gxh5 54. Kd4 Kd7 55. Nf5 Kc6 56. g3 Kb5 57. Kc3 Kc6 58. Nd4+ Kc7 59.
Kd3 Kd7 60. Ke3 Ke7 61. Kf4 Bd1 62. Nf5+ Kd7 63. Nd4 Ke7 64. Kg5 Bg4 65. Nf5+
Ke6 66. Kf4 Kd7 67. Ne3 Be2 68. Nd5 Kc6 69. Kg5 Bg4 70. Kf6 Be6 71. Ke7 Bxd5
72. exd5+ Kxd5 73. Kxf7 Kxe5 74. Kg6 
1-0

[Event "Eliteserien 2009-2010"]
[Site "Haraldsheim"]
[Date "2009.11.06"]
[Round "1"]
[White "Østerberg, Hugo"]
[Black "Nilsen, Joachim B."]
[Result "0-1"]
[WhiteElo "2025"]
[BlackElo "2172"]
[PlyCount "72"]
[EventDate "2009.??.??"]

1. d4 Nf6 2. c4 g6 3. Nc3 Bg7 4. e4 d6 5. f3 O-O 6. Be3 a6 7. Nge2 Nbd7 8. Qd2
c5 9. Rd1 Qa5 10. Kf2 Kh8 11. Ng3 cxd4 12. Bxd4 Ne5 13. a3 Be6 14. Nd5 Qxd2+
15. Rxd2 Nxd5 16. cxd5 Bd7 17. h3 Rac8 18. f4 Nc4 19. Bxg7+ Kxg7 20. Rc2 Nb6
21. Bd3 Bb5 22. Ke3 Rxc2 23. Bxc2 Nc4+ 24. Kd4 Nxb2 25. Rb1 Nc4 26. Rb3 Rc8 27.
Rc3 e5+ 28. dxe6 fxe6 29. a4 e5+ 30. Kd3 Nb2+ 31. Kd2 Rxc3 32. Kxc3 Nxa4+ 33.
Bxa4 Bxa4 34. f5 Bc6 35. h4 d5 36. Nf1 d4+ 
0-1

[Event "Eliteserien 2009-2010"]
[Site "Haraldsheim"]
[Date "2009.11.06"]
[Round "1"]
[White "Andreassen, Pål"]
[Black "Johansen, Paul"]
[Result "0-1"]
[WhiteElo "2002"]
[BlackElo "2023"]
[PlyCount "132"]
[EventDate "2009.??.??"]

1. e4 e6 2. d4 d5 3. e5 c5 4. c3 Bd7 5. Nf3 Nc6 6. Bd3 Qb6 7. O-O cxd4 8. cxd4
Nxd4 9. Nbd2 Nxf3+ 10. Nxf3 Bc5 11. b4 Qxb4 12. Rb1 Qa4 13. Qe2 b6 14. Ng5 Be7
15. Qh5 g6 16. Qf3 Bxg5 17. Bxg5 h6 18. Bd2 Rh7 19. Rfc1 Qh4 20. Rc7 f5 21.
exf6 Qxf6 22. Qg3 Ne7 23. Rxd7 Kxd7 24. Bb5+ Nc6 25. Rc1 Rc8 26. Bf4 g5 27. Be5
Qe7 28. Qc3 Qc5 29. Qb2 Qe7 30. Qc2 Ke8 31. Bxc6+ Kf8 32. Qb2 Kg8 33. g3 Qf7
34. Kg2 h5 35. Qd2 Qf5 36. Qe3 h4 37. gxh4 gxh4 38. h3 Rh5 39. f4 Rh6 40. Kh2
Rg6 41. Bb5 Rc2+ 42. Rxc2 Qxc2+ 43. Qe2 Qc1 44. Qf2 Qc5 45. Qxc5 bxc5 46. a4 c4
47. a5 Rg3 48. Bd7 Rg6 49. Bd4 Kf7 50. a6 Rg3 51. Bxa7 Ra3 52. Bb5 Ra5 53. Bd7
Rxa6 54. Bd4 Ke7 55. Bc8 Ra2+ 56. Kg1 Rd2 57. Bc3 Rd3 58. Bb4+ Kf6 59. Bd6 Rxh3
60. Kf2 Rb3 61. Ba6 Kf5 62. Kg2 Rb6 63. Be5 Rxa6 64. Kh3 Ra3+ 65. Kxh4 Rf3 66.
Kh5 Rh3# 
0-1

[Event "Eliteserien 2009-2010"]
[Site "Haraldsheim"]
[Date "2009.11.06"]
[Round "1"]
[White "Elsness, Frode"]
[Black "Byklum, Bjørnar"]
[Result "0-1"]
[WhiteElo "2469"]
[BlackElo "2318"]
[PlyCount "72"]
[EventDate "2009.??.??"]

1. d4 d5 2. c4 e6 3. Nc3 c5 4. cxd5 exd5 5. Nf3 Nc6 6. g3 Nf6 7. Bg2 Be7 8. O-O
O-O 9. Bg5 cxd4 10. Nxd4 h6 11. Be3 Re8 12. Qa4 Bd7 13. Rad1 Nb4 14. Qb3 a5 15.
a4 Rc8 16. Rc1 Bc5 17. h3 Qb6 18. Rfd1 Rxe3 19. fxe3 Qd6 20. Rf1 Qxg3 21. Rf3
Qg5 22. Ncb5 Ne4 23. Qd1 Qe5 24. Qe1 b6 25. h4 Re8 26. Nb3 Bf8 27. Nd2 Na2 28.
Ra1 Bb4 29. Rxa2 Nxd2 30. Qg3 Nxf3+ 31. Qxf3 Bc5 32. Nc3 Bxe3+ 33. Kh1 d4 34.
Nd5 Bc6 35. b3 Ba8 36. Rc2 Rd8 
0-1

[Event "Eliteserien 2009-2010"]
[Site "Haraldsheim"]
[Date "2009.11.06"]
[Round "1"]
[White "Leer-Salvesen, Bjarte"]
[Black "Miezis, Normunds"]
[Result "0-1"]
[WhiteElo "2336"]
[BlackElo "2481"]
[PlyCount "98"]
[EventDate "2009.??.??"]

1. c4 c5 2. g3 Nc6 3. Bg2 g6 4. Nc3 Bg7 5. Nf3 e5 6. d3 Nge7 7. Nd2 d6 8. Nf1
a6 9. Ne3 Rb8 10. Ned5 Nxd5 11. Nxd5 O-O 12. h4 h6 13. h5 g5 14. e4 f5 15. exf5
Bxf5 16. O-O b5 17. g4 Be6 18. Be4 Kh8 19. f3 Nd4 20. Rf2 Qd7 21. Be3 Rf7 22.
Rb1 Rbf8 23. Nb6 Qe7 24. Nd5 Bxd5 25. cxd5 Rc8 26. Rc1 Qf8 27. b3 a5 28. Kg2
Ra7 29. Rb2 Rb8 30. Qd2 b4 31. Re1 Rf7 32. Qd1 Nb5 33. Bd2 Ra8 34. Qc1 a4 35.
bxa4 Rxa4 36. Qc2 Ra3 37. Rf1 Rfa7 38. Rf2 Qa8 39. Qc1 Bf6 40. Qc4 Nd4 41. Bxb4
cxb4 42. Rxb4 Rxa2 43. Rfb2 Rxb2+ 44. Rxb2 Bd8 45. Kh3 Kg7 46. Qc1 Ra1 47. Rb1
Ra2 48. Rb2 Ne2 49. Rxa2 Qxa2 
0-1

[Event "Eliteserien 2009-2010"]
[Site "Haraldsheim"]
[Date "2009.11.06"]
[Round "1"]
[White "Thomassen, Joachim"]
[Black "Harestad, Hans K"]
[Result "0-1"]
[WhiteElo "2338"]
[BlackElo "2190"]
[PlyCount "62"]
[EventDate "2009.??.??"]

1. d4 Nf6 2. c4 g6 3. Nc3 Bg7 4. e4 d6 5. Nf3 O-O 6. Be2 e5 7. O-O Nc6 8. d5
Ne7 9. Ne1 Nd7 10. Nd3 f5 11. Bd2 Nf6 12. f3 f4 13. c5 g5 14. cxd6 cxd6 15. Nf2
h5 16. h3 Rf7 17. Qc2 Ng6 18. Rfc1 g4 19. fxg4 hxg4 20. hxg4 Bd7 21. a4 Bf8 22.
Nb5 Ne8 23. Qb3 Be7 24. a5 Bh4 25. Be1 Bg3 26. Bf3 Qh4 27. Na3 Nf6 28. Qxb7
Raf8 29. Rc7 Nxg4 30. Rxd7 Bxf2+ 31. Kf1 Bxe1 
0-1

[Event "Eliteserien 2009-2010"]
[Site "Haraldsheim"]
[Date "2009.11.06"]
[Round "1"]
[White "Astrup, Kim Chr."]
[Black "Haugli, Petter"]
[Result "1/2-1/2"]
[WhiteElo "2142"]
[BlackElo "2259"]
[PlyCount "63"]
[EventDate "2009.??.??"]

1. c4 Nf6 2. Nf3 c5 3. Nc3 Nc6 4. g3 e6 5. Bg2 Qb6 6. O-O Be7 7. b3 O-O 8. Bb2
d5 9. cxd5 exd5 10. d4 c4 11. Ne5 Be6 12. Na4 Qb5 13. bxc4 dxc4 14. Nxc6 bxc6
15. Rb1 Bf5 16. Nc3 Qa6 17. e4 Bg4 18. Qc2 Rfd8 19. h3 Be6 20. Rbd1 Rab8 21. d5
cxd5 22. exd5 Bf5 23. Qxf5 Rxb2 24. Qe5 Bd6 25. Qd4 Nd7 26. Qh4 Re8 27. Rfe1
Rbb8 28. Rxe8+ Rxe8 29. Be4 g6 30. Bc2 Qb6 31. Rb1 Qa5 32. Qxc4 
1/2-1/2

[Event "Eliteserien 2009-2010"]
[Site "Haraldsheim"]
[Date "2009.11.06"]
[Round "1"]
[White "Solberg, Joachim"]
[Black "Stenersen, Gudmund"]
[Result "1/2-1/2"]
[WhiteElo "2154"]
[BlackElo "2205"]
[PlyCount "123"]
[EventDate "2009.??.??"]

1. e4 e5 2. Bc4 Nf6 3. Nc3 Nc6 4. d3 Bc5 5. a3 d6 6. h3 Be6 7. Bxe6 fxe6 8. Na4
O-O 9. Nf3 Qe8 10. Nxc5 dxc5 11. Be3 b6 12. Nd2 Nh5 13. g3 Nd4 14. c3 Nc6 15.
Qe2 a5 16. O-O-O a4 17. Rhg1 Nf6 18. f4 Nd7 19. Rdf1 Qe7 20. fxe5 Ndxe5 21. d4
cxd4 22. cxd4 Nf7 23. e5 Qd7 24. Qg4 Qd5 25. Rf4 b5 26. Ne4 Qb3 27. Qe2 b4 28.
Nd2 Qd5 29. Qc4 Qd7 30. Rgf1 bxa3 31. bxa3 Ne7 32. Ne4 Nd5 33. R4f3 Rab8 34.
Nc5 Qc6 35. Bd2 Rb3 36. Rxb3 axb3 37. Qxb3 Nxe5 38. Rxf8+ Kxf8 39. Qc2 Ng6 40.
Qe4 Kf7 41. Qf3+ Kg8 42. Qg4 Kf7 43. Qf3+ Kg8 44. a4 Nf8 45. Kb2 Nd7 46. Nxd7
Qxd7 47. a5 Qb5+ 48. Qb3 Qe2 49. Kc2 h6 50. Qb8+ Kh7 51. Qb3 Kg8 52. h4 Kf7 53.
Kc1 Qf1+ 54. Kb2 Qf2 55. Qd3 Nb4 56. Qe3 Qg2 57. Kb3 Nd5 58. Qd3 Qg1 59. Bc3
Qh1 60. Bb2 Qe1 61. Bc3 Qh1 62. Bb2 
1/2-1/2

[Event "Eliteserien 2009-2010"]
[Site "Haraldsheim"]
[Date "2009.11.06"]
[Round "1"]
[White "Lie, Espen"]
[Black "Urkedal, Frode Olav Olsen"]
[Result "1-0"]
[WhiteElo "2473"]
[BlackElo "2398"]
[PlyCount "105"]
[EventDate "2009.??.??"]

1. c4 c5 2. g3 g6 3. Bg2 Bg7 4. Nc3 Nc6 5. e4 Nf6 6. Nge2 O-O 7. d3 Ne8 8. Be3
Nd4 9. O-O Nc7 10. Rb1 d6 11. b4 Rb8 12. Qd2 Bd7 13. b5 Nce6 14. Nf4 Nxf4 15.
Bxf4 Bh3 16. Rfe1 Bg4 17. Bh6 Qd7 18. Bxg7 Kxg7 19. Nd5 e6 20. Ne3 e5 21. Nc2
Nf3+ 22. Bxf3 Bxf3 23. Re3 Bg4 24. f3 Be6 25. Rbe1 a6 26. a4 Ra8 27. Qc3 Kg8
28. R3e2 axb5 29. axb5 Ra7 30. f4 f6 31. Rf2 Rfa8 32. Ne3 Ra3 33. Qd2 exf4 34.
Rxf4 Qg7 35. Rf2 Ra1 36. Rxa1 Rxa1+ 37. Kg2 Qd7 38. h4 f5 39. exf5 gxf5 40. Ng4
Qg7 41. Qe3 Bd7 42. Nh6+ Kh8 43. Nxf5 Bxf5 44. Rxf5 Ra2+ 45. Kh3 Ra8 46. Qf3
Qd7 47. g4 Rg8 48. Rf8 Qe7 49. Rf7 Qe6 50. Rf6 Qe7 51. h5 b6 52. h6 Re8 53. Rf7
1-0

[Event "Eliteserien 2009-2010"]
[Site "Haraldsheim"]
[Date "2009.11.06"]
[Round "1"]
[White "Hansen, Torbjørn R."]
[Black "Lahlum, Hans O."]
[Result "1/2-1/2"]
[WhiteElo "2370"]
[BlackElo "2173"]
[PlyCount "49"]
[EventDate "2009.??.??"]

1. c4 e6 2. Nf3 d5 3. d4 c6 4. Nc3 dxc4 5. Bg5 Be7 6. Bxe7 Qxe7 7. e4 b5 8. Be2
Nf6 9. O-O Bb7 10. e5 Nd5 11. Ne4 O-O 12. Qc2 h6 13. g3 Nd7 14. Nd6 N7b6 15.
Nh4 Qc7 16. Bh5 Rad8 17. Rae1 Rxd6 18. exd6 Qxd6 19. a3 Nf6 20. Bf3 Qxd4 21.
Rd1 Qe5 22. Rfe1 Qc7 23. Rd2 Nbd5 24. Bg2 c5 25. Nf3 
1/2-1/2

[Event "Eliteserien 2009-2010"]
[Site "Haraldsheim"]
[Date "2009.11.06"]
[Round "1"]
[White "Tallaksen, Levi André"]
[Black "Bae, Torstein"]
[Result "0-1"]
[WhiteElo "2154"]
[BlackElo "2387"]
[PlyCount "72"]
[EventDate "2009.??.??"]

1. d4 Nf6 2. Nf3 g6 3. e3 Bg7 4. Bd3 O-O 5. O-O d5 6. Nbd2 c5 7. c3 Nfd7 8. Qe2
Nc6 9. Re1 e5 10. dxe5 Ndxe5 11. Nxe5 Nxe5 12. Bc2 b6 13. b3 a5 14. Rb1 Re8 15.
Bb2 a4 16. c4 axb3 17. axb3 Ra2 18. cxd5 Ba6 19. Qd1 Nd3 20. Bxd3 Bxd3 21. Bxg7
Bxb1 22. Qxb1 Rxd2 23. Qa1 Qxd5 24. Bh8 f6 25. Bxf6 Rxe3 26. Rf1 Ree2 27. Qa7
Qd7 28. Qb8+ Re8 29. Qxb6 Rd6 30. Qxc5 Rxf6 31. b4 Rf5 32. Qc4+ Qd5 33. Qc7
Rxf2 34. Kxf2 Rf8+ 35. Kg3 Rxf1 36. Qc8+ Rf8 
0-1

[Event "Eliteserien 2009-2010"]
[Site "Haraldsheim"]
[Date "2009.11.06"]
[Round "1"]
[White "Bjerke, Silje"]
[Black "Hobber, Anders"]
[Result "1-0"]
[WhiteElo "2179"]
[BlackElo "2146"]
[PlyCount "87"]
[EventDate "2009.??.??"]

1. e4 e6 2. d4 d5 3. Nd2 dxe4 4. Nxe4 Nd7 5. Nf3 Ngf6 6. Nxf6+ Nxf6 7. Bd3 c5
8. dxc5 Bxc5 9. O-O O-O 10. Qe2 Qc7 11. Bg5 Be7 12. Ne5 b6 13. Rad1 Bb7 14.
Bxf6 Bxf6 15. Nd7 Rfd8 16. Nxf6+ gxf6 17. Qh5 Kf8 18. Qxh7 Ke7 19. Bg6 Rf8 20.
Rfe1 Qf4 21. Qh3 f5 22. Qxf5 Qh6 23. Qb5 Rad8 24. Qb4+ Kf6 25. Bd3 Rh8 26. Qc3+
Ke7 27. Qc7+ Rd7 28. Qg3 Rd5 29. Bf1 Rg5 30. Qc7+ Kf6 31. Rd7 Qh7 32. Rxe6+
Kxe6 33. Qd6+ Kf5 34. Bd3+ Be4 35. Bxe4+ Kxe4 36. Re7+ Kf5 37. Re5+ Kg4 38.
Qd1+ Kh4 39. g3+ Kh3 40. Qf1+ Kg4 41. Qe2+ Kh3 42. Rxg5 Qe4 43. Qxe4 Rh4 44.
Qg2# 
1-0

[Event "Eliteserien 2009-2010"]
[Site "Haraldsheim"]
[Date "2009.11.06"]
[Round "1"]
[White "Bentsen, Håkon"]
[Black "Gvein, Kenneth"]
[Result "1/2-1/2"]
[WhiteElo "2093"]
[BlackElo "2153"]
[PlyCount "77"]
[EventDate "2009.??.??"]

1. e4 c5 2. Nf3 Nc6 3. d4 cxd4 4. Nxd4 Nf6 5. Nc3 e5 6. Ndb5 d6 7. Bg5 a6 8.
Na3 b5 9. Bxf6 gxf6 10. Nd5 f5 11. exf5 Bxf5 12. c3 Bg7 13. Nc2 O-O 14. a4 bxa4
15. Rxa4 a5 16. Bb5 Ne7 17. Nce3 Bg6 18. Nxe7+ Qxe7 19. Bc4 Kh8 20. O-O f5 21.
b4 f4 22. Nd5 Qh4 23. f3 Qd8 24. Bd3 Be8 25. b5 Qc8 26. c4 Qc5+ 27. Kh1 Bf6 28.
Nc3 Bd8 29. Be4 Ra7 30. Qd5 Bb6 31. Qxc5 Bxc5 32. Bd5 Bg6 33. Ne4 Bxe4 34. Bxe4
Rd8 35. g4 fxg3 36. hxg3 Kg7 37. Kg2 h5 38. Rb1 Bb6 39. Rh1 
1/2-1/2

[Event "Eliteserien 2009-2010"]
[Site "Haraldsheim"]
[Date "2009.11.06"]
[Round "1"]
[White "Haug, Marianne Wold"]
[Black "Aandal, Kristian"]
[Result "1-0"]
[WhiteElo "2090"]
[BlackElo "1906"]
[PlyCount "65"]
[EventDate "2009.??.??"]

1. e4 c5 2. Nf3 Nc6 3. d4 cxd4 4. Nxd4 Nf6 5. Nc3 e5 6. Ndb5 d6 7. Bg5 a6 8.
Na3 b5 9. Bxf6 gxf6 10. Nd5 Bg7 11. c3 Ne7 12. Nxe7 Qxe7 13. Bd3 Bb7 14. Nc2 f5
15. exf5 Qg5 16. Ne3 O-O 17. h4 Qf4 18. Rh3 e4 19. Bc2 Kh8 20. Qg4 Qe5 21. Rd1
Rad8 22. Qg3 Qc5 23. Qg5 Be5 24. Ng4 Rg8 25. Qe7 Rde8 26. Qxf7 Ref8 27. Qxb7
Rxg4 28. Bxe4 Rf4 29. Rd2 Re8 30. f6 Rxe4+ 31. Qxe4 Qc8 32. f7 Re7 33. Kf1 
1-0